| 000 | 00647nam a22002177a 4500 | ||
|---|---|---|---|
| 999 |
_c17392 _d17392 |
||
| 003 | AR-CdUCM | ||
| 008 | 190223b ||||| |||| 00| 0 spa d | ||
| 040 |
_aMUNICIPALIDAD PROVINCIAL DEL CUSCO _cBIBLIOTECA MUNICIPAL DEL CUSCO |
||
| 082 |
_a822 / _bW56 |
||
| 100 |
_aWilde, Oscar _91401 |
||
| 245 | _aEl abanico de Lady Windermore / | ||
| 260 |
_aMadrid : _bArtes gráficas, _c1966. |
||
| 300 |
_a135 páginas ; _c17 cm. |
||
| 505 | _aContenido: El teatro de Oscar Wilde. | ||
| 650 |
_aLiteratura _983 |
||
| 650 |
_aNovelas _9218 |
||
| 650 |
_acomedia _92607 |
||
| 700 |
_aDe castro, Cristóbal _937379 |
||
| 942 |
_2ddc _cLIBROS |
||
| 945 | _arcc | ||